| 000 | 00360nam a2200145 i 4500 | ||
|---|---|---|---|
| 001 | bg | ||
| 100 | 1 | _aSTRACHOVSKIJ, G. M. | |
| 245 | 0 |
_aOsnovy kvantovoj elektroniki / _cG.M. Strachovskij, A. Uspenskij. |
|
| 260 |
_aMoskva, _c1973. |
||
| 700 | 1 | _aUSPENSKIJ, A. | |
| 040 | _cBPK | ||
| 041 | _apol | ||
| 942 | _cKS | ||
| 008 | s pl f |000 0 pol | ||
| 999 |
_c25743 _d25743 |
||
| 856 |
_uhttp://koha.tu.koszalin.pl/cgi-bin/koha/opac-detail.pl?biblionumber=25743 _yKatalog online BPK |
||